Ksztaltowanie struktury kapitalu w spólkach akcyjnych
Uložené v:
| Hlavný autor: | |
|---|---|
| Médium: | Kniha |
| Jazyk: | Polish |
| Vydavateľské údaje: |
Warszawa
Wydawnictwo Naukowe PWN
1999
|
| Edícia: | Przedsiebiorczosc
|
| Predmet: | |
| Tagy: |
Žiadne tagy, Buďte prvý, kto otaguje tento záznam!
|
MARC
| LEADER | 00000nam a2200000 4500 | ||
|---|---|---|---|
| 001 | c123775 | ||
| 005 | 20221221082833.0 | ||
| 020 | |a 83-01-12645-0 | ||
| 041 | 0 | |a pol | |
| 044 | |a PL | ||
| 245 | 1 | 0 | |a Ksztaltowanie struktury kapitalu w spólkach akcyjnych |c Magdalena Jerzemowska |
| 264 | 1 | |a Warszawa |b Wydawnictwo Naukowe PWN |c 1999 | |
| 300 | |a 190 s. | ||
| 490 | 1 | |a Przedsiebiorczosc | |
| 830 | 0 | |a Przedsiebiorczosc | |
| 610 | 2 | 0 | |a spoločnosti akciové |
| 610 | 2 | 0 | |a kapitál |
| 610 | 2 | 0 | |a štruktúra kapitálová |
| 610 | 2 | 0 | |a teórie ekonomické |
| 610 | 2 | 0 | |a emisia |
| 610 | 2 | 0 | |a akcie |
| 610 | 2 | 0 | |a obligácie |
| 610 | 2 | 0 | |a firmy |
| 610 | 2 | 0 | |a Poľsko |
| 100 | 1 | |a Jerzemowska, Magdalena | |